Kỹ thuật nuôi cá Chim trắng nước ngọt

Enregistré dans:
Détails bibliographiques
Auteur principal: Thái, Bá Hồ
Format: Livre
Langue:Undetermined
Publié: Hà Nội Nông nghiệp 2006
Sujets:
Tags: Ajouter un tag
Pas de tags, Soyez le premier à ajouter un tag!
Thư viện lưu trữ: Trung tâm Học liệu Trường Đại học Cần Thơ
LEADER 00539nam a2200193Ia 4500
001 CTU_100318
008 210402s9999 xx 000 0 und d
020 |c 9000 
082 |a 639.311 
082 |b H450 
100 |a Thái, Bá Hồ 
245 0 |a Kỹ thuật nuôi cá Chim trắng nước ngọt 
245 0 |c Thái Bá Hồ 
260 |a Hà Nội 
260 |b Nông nghiệp 
260 |c 2006 
650 |a Fish hatcheries 
904 |i Hiếu 
980 |a Trung tâm Học liệu Trường Đại học Cần Thơ